Top 100 Filmes do IMDb - Statistics

Estatísticas Gerais
  • Esse quiz foi jogado 5 775 vezes
  • A pontuação média é 21 de 100
Estatísticas das Respostas
# Ano Ator / Diretor Filme % Correto
2 1972 Marlon Brando O Poderoso Chefão
87%
12 1994 Tom Hanks Forrest Gump: O Contador de Histórias
65%
16 1999 Keanu Reeves Matrix
65%
11 1999 Brad Pitt Clube da Luta
60%
4 2008 Christian Bale Batman: O Cavaleiro das Trevas
59%
65 2019 Joaquin Phoenix Coringa
53%
3 1974 Al Pacino O Poderoso Chefão II
52%
8 1994 Samuel L. Jackson Pulp Fiction: Tempo de Violência
52%
1 1994 Morgan Freeman Um Sonho de Liberdade
48%
30 2019 Bong Joon-Ho Parasita
47%
78 2019 Robert Downey Jr. Vingadores: Ultimato
44%
62 1980 Jack Nicholson O Iluminado
41%
20 1995 Brad Pitt Seven: Os Sete Crimes Capitais
41%
37 1936 Charlie Chaplin Tempos Modernos
41%
38 1960 Anthony Perkins Psicose
38%
13 2010 Leonardo DiCaprio A Origem
36%
7 2003 Elijah Wood O Senhor dos Anéis: O Retorno do Rei
33%
22 1991 Jodie Foster O Silêncio dos Inocentes
33%
63 2018 Scarlett Johansson Vingadores: Guerra Infinita
33%
58 2012 Jamie Foxx Django Livre
32%
10 2001 Liv Tyler O Senhor dos Anéis: A Sociedade do Anel
31%
42 2000 Russell Crowe Gladiador
30%
14 2002 Ian McKellan O Senhor dos Anéis: As Duas Torres
30%
6 1993 Liam Neeson A Lista de Schindler
29%
35 1985 Michael J. Fox De Volta Para o Futuro
29%
86 2009 Brad Pitt Bastardos Inglórios
28%
26 1998 Tom Hanks O Resgate do Soldado Ryan
28%
21 2002 Alexandre Rodrigues Cidade de Deus
27%
25 1977 Harrison Ford Guerra nas Estrelas
27%
29 1999 Tom Hanks À Espera de um Milagre
25%
27 2001 Hayao Miyazaki A Viagem de Chihiro
25%
23 1997 Roberto Benigni A Vida é Bela
25%
100 2004 Jim Carrey Brilho Eterno de uma Mente sem Lembranças
24%
34 2002 Adrien Brody O Pianista
24%
17 1990 Joe Pesci Os Bons Companheiros
24%
89 1968 Stanley Kubrick 2001: Uma Odisseia no Espaço
22%
80 1999 Kevin Spacey Beleza Americana
22%
15 1980 Carrie Fisher Star Wars, Episódio V: O Império Contra-Ataca
22%
18 1975 Jack Nicholson Um Estranho no Ninho
22%
82 1995 Tom Hanks Toy Story
21%
43 2014 J.K. Simmons Whiplash: Em Busca da Perfeição
21%
94 1941 Orson Welles Cidadão Kane
20%
83 1995 Mel Gibson Coração Valente
19%
39 1994 James Earl Jones O Rei Leão
19%
48 1942 Humphrey Bogart Casablanca
18%
28 2014 Anne Hathaway Interstelar
18%
19 1954 Akira Kurosawa Os Sete Samurais
18%
9 1966 Clint Eastwood Três Homens em Conflito
18%
52 1979 Sigourney Weaver Alien - O 8º Passageiro
17%
56 1940 Charlie Chaplin O Grande Ditador
17%
45 2006 Leonardo DiCaprio Os Infiltrados
17%
5 1957 Henry Fonda 12 Homens e uma Sentença
16%
54 2000 Guy Pearce Amnésia
15%
73 2012 Tom Hardy Batman: O Cavaleiro das Trevas Ressurge
15%
87 1997 Matt Damon Gênio Indomável
14%
46 2011 Omar Sy Intocáveis
14%
31 1994 Jean Reno O Profissional
14%
33 1995 Kevin Spacey Os Suspeitos
14%
95 2012 Mads Mikkelsen A Caça
13%
55 1981 Harrison Ford Os Caçadores da Arca Perdida
13%
90 1992 Steve Buscemi Cães de Aluguel
12%
98 1952 Gene Kelly Cantando na Chuva
12%
41 1931 Charlie Chaplin Luzes da Cidade
12%
40 1998 Ed Norton A Outra História Americana
11%
53 1979 Marlon Brando Apocalypse Now
11%
36 1991 Linda Hamilton O Exterminador do Futuro 2: O Julgamento Final
11%
50 1954 Grace Kelly Janela Indiscreta
10%
47 2006 Christian Bale O Grande Truque
10%
88 1983 Billy Dee Williams Star Wars, Episódio VI: O Retorno do Jedi
10%
44 1988 Isao Takahata Túmulo dos Vagalumes
10%
70 2020 Lin-Manuel Miranda Hamilton
9%
75 2017 Gael García Bernal Viva: A Vida é uma Festa
9%
61 2008 Ben Burtt WALL-E
9%
24 1946 James Stewart A Felicidade Não Se Compra
8%
67 2018 Shameik Moore Homem-Aranha no Aranhaverso
8%
69 1997 Hayao Miyazaki Princesa Mononoke
8%
96 2000 Darren Aronofsky Réquiem para um Sonho
8%
93 1958 Kim Novak Um Corpo Que Cai
8%
49 1968 Charles Bronson Era Uma Vez no Oeste
7%
68 2003 Min-sik Choi Oldboy
7%
84 1984 F. Murray Abraham Amadeus
6%
60 1950 Gloria Swanson Crepúsculo dos Deuses
6%
72 1984 Robert De Niro Era Uma Vez na América
6%
71 2016 Makoto Shinkai Your Name.
6%
51 1988 Philippe Noiret Cinema Paradiso
5%
66 1964 Peter Sellers Dr. Fantástico
5%
59 1957 Kirk Douglas Glória Feita de Sangue
5%
32 1962 Masaki Kobayashi Harakiri
5%
74 1986 Paul Reiser Aliens, o Resgate
4%
97 1985 Elem Klimov Vá e Veja
4%
85 2009 Aamir Khan 3 Idiotas
3%
57 2006 Martina Gedeck A Vida dos Outros
3%
79 1963 Akira Kurosawa Céu e Inferno
3%
99 1959 Cary Grant Intriga Internacional
3%
91 1931 Fritz Lang M, o Vampiro de Dusseldorf
3%
76 1981 Wolfgang Petersen O Barco: Inferno no Mar
3%
77 2018 Nadine Labaki Cafarnaum
2%
92 2007 Aamir Khan Como Estrelas na Terra
2%
64 1957 Marlene Dietrich Testemunha de Acusação
2%
81 1955 Satyajit Ray A Canção da Estrada
1%
Nenhum quiz correspondente encontrado
Distribuição das Pontuações
Porcentagem de Pessoas com Cada Pontuação
Percentil de Números Respondidos
Sua Pontuação Histórica
Você não jogou esse quiz